Geography - Double Letters - Statistics

General Stats
  • This quiz has been taken 51 times
  • The average score is 11 of 15
Answer Stats
Hint Answer % Correct
Capital city of Canada Ottawa
98%
Welsh Capital Cardiff
94%
Largest country, spanning Europe and Asia Russia
92%
US state, capital Nashville Tennessee
90%
Body of water containing Jamaica & Cuba Caribbean Sea
88%
African country, capital Rabat Morocco
88%
Asian country, capital Manila Philippines
88%
Mountain range on the borders of France, Andorra and Spain Pyrenees
82%
Famous geographical feature of Dover, UK White Cliffs
80%
Capital city of Jordan Amman
78%
US state, capital St. Paul Minnesota
76%
Island country, capital Victoria Seychelles
65%
City in the Netherlands after which a New York borough was named Haarlem
57%
Lancashire seaside town with a tower Blackpool
53%
Body of water off the coast of Antarctica containing the South Shetland & the South Orkney islands Weddell Sea
10%
No matching quizzes found
Score Distribution
Percent of People with Each Score
Percentile by Number Answered
Your Score History
You have not taken this quiz